MARC

Tag First Indicator Second Indicator Subfields
LEADER 00000cam a2200000 a 4500
001 in00000015595
005 20151007052541.0
008 870713s1988 mau b 00100 eng
010 |a  86046313  
020 |a 0669153575 (alk. paper) 
020 |a 0669168912 (pbk. : alk. paper) 
035 |a (OCoLC)16278238 
035 |9 AAA8266AM 
040 |a DLC  |c DLC  |d TXA  |d UtOrBLW 
043 |a n-us---  |a e-ur---  |a aw----- 
049 |a TXAM  |c [A11463886] 
050 0 0 |a DS63.2.U5  |b S6 1988 
082 0 |a 956/.05  |2 19 
245 0 4 |a The Soviet-American competition in the Middle East /  |c edited by Steven L. Spiegel, Mark A. Heller, Jacob Goldberg ; [sponsored by] Institute on Global Conflict and Cooperation [and others]. 
264 1 |a Lexington, Mass. :  |b Lexington Books,  |c [1988] 
264 4 |c ©1988 
300 |a xiii, 392 pages ;  |c 24 cm. 
336 |a text  |b txt  |2 rdacontent 
337 |a unmediated  |b n  |2 rdamedia 
338 |a volume  |b nc  |2 rdacarrier 
504 |a Includes bibliographies and index. 
651 0 |a Middle East  |x Relations  |z United States. 
651 0 |a United States  |x Relations  |z Middle East. 
651 0 |a Middle East  |x Relations  |z Soviet Union. 
651 0 |a Soviet Union  |x Relations  |z United States. 
651 0 |a United States  |x Foreign relations  |z Soviet Union. 
651 0 |a Soviet Union  |x Foreign relations  |z United States. 
651 0 |a United States  |x Foreign relations  |y 1981-1989. 
700 1 |a Spiegel, Steven L. 
700 1 |a Heller, Mark. 
700 1 |a Goldberg, Jacob. 
710 2 |a University of California Institute on Global Conflict and Cooperation. 
999 |a MARS 
999 f f |s 5b77f9c0-bbf2-3bfa-9001-7fd23dfb9963  |i ee320645-bd08-36a2-b9dd-4579c27934d8  |t 0 
952 f f |p ric  |a Texas A&M University  |b Rellis Campus  |c Joint Library Facility  |s JLF  |d Remote Storage  |t 0  |e DS63.2.U5 S6 1988  |h Library of Congress classification  |i unmediated -- volume  |m A14825062309 
998 f f |a DS63.2.U5 S6 1988  |t 0  |l Remote Storage